00482nam a2200121Ia 4500008004100000020001800041100001800059245010100077260003500178650007200213650002600285856004900311171212s9999 xx 000 0 und d a9781501707216 aRooney, Ellen cRooney, EllenaSeductive ReasoningbPluralism as the Problematic of Contemporary Literary Theory bCornell University Pressc1989 aCriticism -- Philosophy; Rhetoric; Persuasion (Rhetoric); Pluralism aLanguage & Literature uhttp://jstor.org/stable/10.7591/j.ctt1g69xmf